Botanique et Biologie Végétale (Tome 1, Tome 2) Cours de Botanique et de Biologie Végétale

Gespeichert in:
Bibliographische Detailangaben
1. Verfasser: Plantefol L
Format: Buch
Sprache:Undetermined
Veröffentlicht: Paris 1958
Schlagworte:
Tags: Tag hinzufügen
Keine Tags, Fügen Sie den ersten Tag hinzu!
Thư viện lưu trữ: Trung tâm Học liệu Trường Đại học Cần Thơ
LEADER 00527nam a2200181Ia 4500
001 CTU_28097
008 210402s9999 xx 000 0 und d
082 |a 581.1882 
082 |b P713 
100 |a Plantefol L 
245 0 |a Botanique et Biologie Végétale (Tome 1, Tome 2) 
245 0 |b Cours de Botanique et de Biologie Végétale 
245 0 |c Plantefol L 
260 |a Paris 
260 |c 1958 
650 |a botany - vegetables 
904 |i Sáng, 981007 
980 |a Trung tâm Học liệu Trường Đại học Cần Thơ